Choral Pedagogy and the Old singerr (Record no. 15861)
[ view plain ]
| 000 -LEADER | |
|---|---|
| fixed length control field | 00738nam a22002297a 4500 |
| 008 - FIXED-LENGTH DATA ELEMENTS--GENERAL INFORMATION | |
| fixed length control field | 160318b xxu||||| |||| 00| 0 eng d |
| 020 ## - INTERNATIONAL STANDARD BOOK NUMBER | |
| International Standard Book Number | 1597564389 |
| 040 ## - CATALOGING SOURCE | |
| Original cataloging agency | KABU |
| Transcribing agency | KABU |
| 050 ## - LIBRARY OF CONGRESS CALL NUMBER | |
| Classification number | QP306 |
| Item number | .S65 2012 |
| 100 ## - MAIN ENTRY--PERSONAL NAME | |
| Personal name | Smith, Brenda |
| 245 ## - TITLE STATEMENT | |
| Title | Choral Pedagogy and the Old singerr |
| Statement of responsibility, etc. | by brenda smith, Robert T. Sataloff |
| 260 ## - PUBLICATION, DISTRIBUTION, ETC. (IMPRINT) | |
| Place of publication, distribution, etc. | Oxford |
| Name of publisher, distributor, etc. | plural publishing |
| Date of publication, distribution, etc. | 2012 |
| 300 ## - PHYSICAL DESCRIPTION | |
| Extent | xx, 343p. |
| Other physical details | ill. |
| 650 ## - SUBJECT ADDED ENTRY--TOPICAL TERM | |
| Topical term or geographic name as entry element | vocal cords |
| General subdivision | aging |
| 650 ## - SUBJECT ADDED ENTRY--TOPICAL TERM | |
| Topical term or geographic name as entry element | larynx |
| General subdivision | aging |
| 650 ## - SUBJECT ADDED ENTRY--TOPICAL TERM | |
| Topical term or geographic name as entry element | voice |
| General subdivision | care and hygiene |
| 650 ## - SUBJECT ADDED ENTRY--TOPICAL TERM | |
| Topical term or geographic name as entry element | voice |
| General subdivision | physiological aspects |
| 650 ## - SUBJECT ADDED ENTRY--TOPICAL TERM | |
| Topical term or geographic name as entry element | choral singing |
| Form subdivision | instruction and study |
| 700 ## - ADDED ENTRY--PERSONAL NAME | |
| Personal name | Brenda Smith |
| 700 ## - ADDED ENTRY--PERSONAL NAME | |
| Personal name | Sataloff, Robert T. |
| 942 ## - ADDED ENTRY ELEMENTS (KOHA) | |
| Source of classification or shelving scheme | Library of Congress Classification |
| Koha item type | General Collection |
| Classification part | QP306 .S65 2012 C.1 |
| Withdrawn status | Lost status | Source of classification or shelving scheme | Not for loan | Home library | Current library | Shelving location | Date acquired | Cost, normal purchase price | Total Checkouts | Full call number | Barcode | Date last seen | Copy number | Price effective from | Koha item type |
|---|---|---|---|---|---|---|---|---|---|---|---|---|---|---|---|
| Library of Congress Classification | Kabarak, Main Campus | Kabarak, Main Campus | General Stacks | 18/03/2016 | 8692.00 | QP306 .S65 2012 C.1 | 026475 | 18/03/2016 | C.1 | 18/03/2016 | General Collection |